[Event "45. Open de Mislata 2011 - Grupo B"]
[Site "Mislata ESP"]
[Date "2011.08.16"]
[Round "3.6"]
[White "Aparisi Arnandis, Bernardo"]
[Black "Miquel Badenes, Indalecio"]
[Result "1-0"]
[WhiteElo "2040"]
[BlackElo "1940"]
[PlyCount "89"]
[EventDate "2011.08.15"]
[EventType "swiss"]
[EventRounds "9"]
[EventCountry "ESP"]
[Source "lmi"]
[SourceDate "2011.08.15"]

1. e4 c5 2. Nf3 Nc6 3. Nc3 g6 4. Bc4 Bg7 5. a3 d6 6. h3 Nf6 7. d3 O-O 8. O-O a6
9. Bg5 e6 10. Qd2 Qc7 11. Bh6 Rd8 12. Bxg7 Kxg7 13. Ba2 b5 14. Rfe1 Bb7 15. Ne2
d5 16. exd5 Nxd5 17. Bxd5 Rxd5 18. Nc3 Rdd8 19. Ne4 Nd4 20. Nh2 Qe7 21. Rac1
Rac8 22. Qf4 c4 23. Ng4 Bxe4 24. dxe4 g5 25. Qe3 e5 26. Qg3 f6 27. Ne3 Kh8 28.
Rcd1 Ne6 29. Qg4 Rxd1 30. Rxd1 Rd8 31. Rxd8+ Nxd8 32. Qc8 Qd6 33. Nd5 Kg7 34.
Qc7+ Nf7 35. f3 Kf8 36. Qxd6+ Nxd6 37. Nxf6 Kg7 38. Nd7 Nf7 39. Kf2 Kg6 40. g3
h5 41. h4 a5 42. Ke3 g4 43. fxg4 hxg4 44. b3 Kh5 45. Nf6+ 1-0

[Event "45. Open de Mislata 2011 - Grupo B"]
[Site "Mislata ESP"]
[Date "2011.08.16"]
[Round "3.7"]
[White "Zaragoza Montesinos, Ignasi"]
[Black "Fernandez, Gil Ruben Carlos"]
[Result "1-0"]
[WhiteElo "2033"]
[BlackElo "1847"]
[PlyCount "63"]
[EventDate "2011.08.15"]
[EventType "swiss"]
[EventRounds "9"]
[EventCountry "ESP"]
[Source "lmi"]
[SourceDate "2011.08.15"]

1. e4 c5 2. Nc3 Nc6 3. g3 g6 4. Bg2 Bg7 5. d3 Nf6 6. f4 d6 7. Nge2 a6 8. O-O
Qc7 9. a4 Bd7 10. Be3 e6 11. h3 h5 12. f5 exf5 13. Bg5 Nb4 14. Nf4 Nh7 15. Nfd5
Qa5 16. Bf4 Nxd5 17. Nxd5 Be5 18. exf5 Bxf5 19. Qe2 f6 20. c3 Kf7 21. Bh6 Rae8
22. Qf3 Be6 23. Nf4 Qb6 24. Nxe6 Rxe6 25. Bf4 Bxf4 26. Qxf4 Re2 27. Qh6 c4+ 28.
d4 Qa5 29. Rae1 Rxb2 30. Re7+ Kxe7 31. Qg7+ Ke6 32. d5+ 1-0

[Event "45. Open de Mislata 2011 - Grupo B"]
[Site "Mislata ESP"]
[Date "2011.08.16"]
[Round "3.8"]
[White "Bas Mas, Miguel"]
[Black "Moreno, Ibanez Miguel"]
[Result "1/2-1/2"]
[WhiteElo "1830"]
[BlackElo "2022"]
[PlyCount "85"]
[EventDate "2011.08.15"]
[EventType "swiss"]
[EventRounds "9"]
[EventCountry "ESP"]
[Source "lmi"]
[SourceDate "2011.08.15"]

1. e4 c5 2. Nf3 Nc6 3. d4 cxd4 4. Nxd4 e5 5. Nb5 d6 6. N1c3 a6 7. Na3 b5 8. Nd5
Nce7 9. Be3 Nxd5 10. exd5 f5 11. g3 Nf6 12. Bg2 Be7 13. O-O O-O 14. c4 Rb8 15.
cxb5 axb5 16. Qd3 Bd7 17. Rac1 f4 18. gxf4 exf4 19. Bxf4 Ng4 20. Bg3 h5 21. h3
h4 22. hxg4 hxg3 23. Qxg3 Bg5 24. f4 Qb6+ 25. Kh1 Bf6 26. Rc2 Kf7 27. Bh3 Rh8
28. Kg2 Rbe8 29. Rf3 Bh4 30. Qh2 Re1 31. g5 Bxh3+ 32. Rxh3 Rhe8 33. Kf3 Rf1+
34. Kg4 Qd4 35. Rd2 Rg1+ 36. Rg2 Qd1+ 37. Kxh4 Rh8+ 38. Kg3 Qd3+ 39. Kg4 Qe2+
40. Kg3 Qe3+ 41. Kg4 Qe2+ 42. Kg3 Qe3+ 43. Kg4 1/2-1/2

[Event "45. Open de Mislata 2011 - Grupo B"]
[Site "Mislata ESP"]
[Date "2011.08.16"]
[Round "3.9"]
[White "Benedito Salavert, Jaime"]
[Black "Moya Sapena, Juan"]
[Result "1/2-1/2"]
[WhiteElo "1996"]
[BlackElo "1936"]
[PlyCount "55"]
[EventDate "2011.08.15"]
[EventType "swiss"]
[EventRounds "9"]
[EventCountry "ESP"]
[Source "lmi"]
[SourceDate "2011.08.15"]

1. d4 d6 2. g3 e5 3. Bg2 c6 4. e4 Nd7 5. Nf3 Ngf6 6. O-O Be7 7. b3 O-O 8. dxe5
dxe5 9. Nbd2 Re8 10. Bb2 Qc7 11. Qe2 b5 12. a4 b4 13. a5 Bf8 14. Ne1 Rb8 15. h3
Nc5 16. f4 exf4 17. Bxf6 gxf6 18. gxf4 Qd8 19. Kh1 Ba6 20. Qg4+ Kh8 21. Rg1 Bc8
22. Qg3 Be7 23. Bf1 Rg8 24. Qxg8+ Qxg8 25. Nd3 f5 26. e5 Ne6 27. Nf3 Ba6 28.
Kh2 1/2-1/2

[Event "45. Open de Mislata 2011 - Grupo B"]
[Site "Mislata ESP"]
[Date "2011.08.16"]
[Round "3.10"]
[White "Pena Rubio, Cesar"]
[Black "Llamazares Lopez, Marcos"]
[Result "0-1"]
[WhiteElo "1772"]
[BlackElo "1969"]
[PlyCount "40"]
[EventDate "2011.08.15"]
[EventType "swiss"]
[EventRounds "9"]
[EventCountry "ESP"]
[Source "lmi"]
[SourceDate "2011.08.15"]

1. e4 c5 2. Nc3 Nc6 3. f4 d6 4. Nf3 g6 5. g3 Bg7 6. Bg2 e6 7. O-O Nge7 8. d3
O-O 9. Be3 Nd4 10. Ne2 Nxe2+ 11. Qxe2 Bxb2 12. Rab1 Bg7 13. g4 f5 14. gxf5 exf5
15. e5 Nd5 16. Ng5 dxe5 17. Bxd5+ Qxd5 18. Rfe1 exf4 19. Bxf4 Bd4+ 20. Be3 f4
0-1

[Event "45. Open de Mislata 2011 - Grupo B"]
[Site "Mislata ESP"]
[Date "2011.08.17"]
[Round "4.1"]
[White "Remolar Gallen, Jose"]
[Black "Fernandez Soriano, Ruben"]
[Result "1/2-1/2"]
[WhiteElo "2068"]
[BlackElo "2088"]
[PlyCount "51"]
[EventDate "2011.08.15"]
[EventType "swiss"]
[EventRounds "9"]
[EventCountry "ESP"]
[Source "lmi"]
[SourceDate "2011.08.15"]

1. e4 g6 2. d4 Bg7 3. Nf3 d6 4. c3 Nf6 5. Bd3 Nc6 6. O-O O-O 7. h3 e5 8. Bg5 h6
9. Bxf6 Qxf6 10. dxe5 dxe5 11. Qe2 g5 12. Nh2 Qg6 13. Ng4 Bxg4 14. hxg4 Rfd8
15. Na3 a6 16. Nc2 Bf8 17. Ne3 Bc5 18. g3 Bxe3 19. fxe3 Kg7 20. Bc4 f6 21. Bd5
Rd6 22. Rf2 Rad8 23. Raf1 b5 24. a4 Ne7 25. axb5 axb5 26. Qf3 1/2-1/2

[Event "45. Open de Mislata 2011 - Grupo B"]
[Site "Mislata ESP"]
[Date "2011.08.17"]
[Round "4.2"]
[White "Sos Andreu, Erik"]
[Black "Segarra Martinez, Axel"]
[Result "1/2-1/2"]
[WhiteElo "2025"]
[BlackElo "2081"]
[PlyCount "38"]
[EventDate "2011.08.15"]
[EventType "swiss"]
[EventRounds "9"]
[EventCountry "ESP"]
[Source "lmi"]
[SourceDate "2011.08.15"]

1. Nf3 Nf6 2. c4 c5 3. Nc3 Nc6 4. g3 e5 5. d3 g6 6. Bg2 Bg7 7. O-O O-O 8. Bg5
h6 9. Bxf6 Qxf6 10. a3 d6 11. Nd2 Qd8 12. Rb1 a5 13. Nd5 Rb8 14. b4 axb4 15.
axb4 b6 16. Qa4 Bd7 17. Qa6 Bc8 18. Qa4 Bd7 19. Qa6 Bc8 1/2-1/2

[Event "45. Open de Mislata 2011 - Grupo B"]
[Site "Mislata ESP"]
[Date "2011.08.17"]
[Round "4.3"]
[White "Llamazares Lopez, Marcos"]
[Black "Mingarro Carceller, Sergi"]
[Result "1/2-1/2"]
[WhiteElo "1969"]
[BlackElo "2069"]
[PlyCount "32"]
[EventDate "2011.08.15"]
[EventType "swiss"]
[EventRounds "9"]
[EventCountry "ESP"]
[Source "lmi"]
[SourceDate "2011.08.15"]

1. Nf3 f5 2. c4 Nf6 3. Nc3 d6 4. g3 e5 5. d3 Be7 6. Bg2 O-O 7. Rb1 Na6 8. O-O
c6 9. b4 Nc7 10. b5 Ne6 11. Ng5 d5 12. Nxe6 Bxe6 13. bxc6 bxc6 14. Qa4 Qc8 15.
cxd5 cxd5 16. Bd2 Qe8 1/2-1/2

[Event "45. Open de Mislata 2011 - Grupo B"]
[Site "Mislata ESP"]
[Date "2011.08.17"]
[Round "4.4"]
[White "Machin Arbelo, Pedro Alexis"]
[Black "Aparisi Arnandis, Bernardo"]
[Result "1-0"]
[WhiteElo "2006"]
[BlackElo "2040"]
[PlyCount "29"]
[EventDate "2011.08.15"]
[EventType "swiss"]
[EventRounds "9"]
[EventCountry "ESP"]
[Source "lmi"]
[SourceDate "2011.08.15"]

1. e4 d6 2. d4 Nf6 3. Nc3 c6 4. Be2 Qa5 5. Qd3 b5 6. Bd2 Qc7 7. Rd1 a5 8. e5
dxe5 9. dxe5 Ng8 10. Bf3 Ba6 11. e6 g6 12. Bf4 Qc8 13. Qd8+ Qxd8 14. exf7+ Kxf7
15. Rxd8 1-0

[Event "45. Open de Mislata 2011 - Grupo B"]
[Site "Mislata ESP"]
[Date "2011.08.17"]
[Round "4.5"]
[White "Zaragoza Montesinos, Ignasi"]
[Black "Folch Zaragoza, Jose"]
[Result "1/2-1/2"]
[WhiteElo "2033"]
[BlackElo "1954"]
[PlyCount "68"]
[EventDate "2011.08.15"]
[EventType "swiss"]
[EventRounds "9"]
[EventCountry "ESP"]
[Source "lmi"]
[SourceDate "2011.08.15"]

1. e4 e5 2. Nf3 Nc6 3. Nc3 Nf6 4. d4 exd4 5. Nxd4 Bb4 6. Nxc6 bxc6 7. Bd3 d5 8.
exd5 cxd5 9. O-O O-O 10. Bg5 Bxc3 11. bxc3 Qd6 12. Bxf6 Qxf6 13. Qh5 h6 14.
Qxd5 Be6 15. Qe4 g6 16. Qe3 Kg7 17. Be4 Rab8 18. Qxa7 Qxc3 19. Rab1 Rxb1 20.
Rxb1 Qc4 21. Bd3 Qxa2 22. Qd4+ Kg8 23. Re1 Qa5 24. Re5 Qd2 25. h3 Rb8 26. c3
Rb2 27. Bxg6 Qxd4 28. cxd4 Rd2 29. Bf5 Bxf5 30. Rxf5 Rxd4 31. Rc5 Rd7 32. Rc6
Kg7 33. Kh2 f6 34. Kg3 Kg6 1/2-1/2

[Event "45. Open de Mislata 2011 - Grupo B"]
[Site "Mislata ESP"]
[Date "2011.08.17"]
[Round "4.6"]
[White "Navarro Diaz, Carles"]
[Black "Martinez Villena, David"]
[Result "1/2-1/2"]
[WhiteElo "2089"]
[BlackElo "1990"]
[PlyCount "70"]
[EventDate "2011.08.15"]
[EventType "swiss"]
[EventRounds "9"]
[EventCountry "ESP"]
[Source "lmi"]
[SourceDate "2011.08.15"]

1. d4 d5 2. c4 c6 3. Nf3 Nf6 4. Nc3 e6 5. Bg5 h6 6. Bh4 Be7 7. Bxf6 Bxf6 8. e4
dxe4 9. Nxe4 Qa5+ 10. Qd2 Qxd2+ 11. Kxd2 Be7 12. c5 Nd7 13. Ne5 Nf6 14. Nxf6+
gxf6 15. Nc4 e5 16. dxe5 fxe5 17. Nxe5 Be6 18. b4 a5 19. b5 Bxc5 20. bxc6 Rd8+
21. Bd3 bxc6 22. Ke2 Bd5 23. Rac1 Ba3 24. Nxc6 Bxc1 25. Nxd8 Bg5 26. Bb5+ Ke7
27. Nc6+ Kd6 28. Nxa5 Ra8 29. h4 Be7 30. Nb3 Rxa2+ 31. Nd2 Bxg2 32. Rg1 Bd5 33.
Rg4 Ke5 34. Kd3 Ra3+ 35. Ke2 Ra2 1/2-1/2

[Event "45. Open de Mislata 2011 - Grupo B"]
[Site "Mislata ESP"]
[Date "2011.08.17"]
[Round "4.7"]
[White "Gomez Benitez, David"]
[Black "Rubio Trigueros, Jose Luis"]
[Result "1-0"]
[WhiteElo "2088"]
[BlackElo "1957"]
[PlyCount "71"]
[EventDate "2011.08.15"]
[EventType "swiss"]
[EventRounds "9"]
[EventCountry "ESP"]
[Source "lmi"]
[SourceDate "2011.08.15"]

1. e4 c5 2. Nc3 d6 3. f4 Nc6 4. Bb5 Bd7 5. Nf3 g6 6. d3 Bg7 7. O-O e6 8. f5 Nd4
9. Nxd4 Bxd4+ 10. Kh1 a6 11. fxe6 fxe6 12. Bc4 Qe7 13. Ne2 Bg7 14. c3 Nh6 15.
Nf4 O-O 16. Be3 Kh8 17. Qe2 Rae8 18. Nh3 Nf7 19. d4 Bc6 20. Bd3 Kg8 21. Rf2 b5
22. Raf1 cxd4 23. cxd4 Bb7 24. Qd2 Bc8 25. Ng1 h5 26. Qa5 Bh6 27. Rxf7 Rxf7 28.
Rxf7 Qxf7 29. Bxh6 Kh7 30. Be3 Kg7 31. Nf3 Rf8 32. Ng5 Qe7 33. Kg1 h4 34. Qd2
Bd7 35. Nxe6+ Bxe6 36. Bh6+ 1-0

[Event "45. Open de Mislata 2011 - Grupo B"]
[Site "Mislata ESP"]
[Date "2011.08.17"]
[Round "4.8"]
[White "Leon Colan, Carlos Edmundo"]
[Black "De Pablos Fernandez, Mariano"]
[Result "1-0"]
[WhiteElo "1981"]
[BlackElo "2051"]
[PlyCount "67"]
[EventDate "2011.08.15"]
[EventType "swiss"]
[EventRounds "9"]
[EventCountry "ESP"]
[Source "lmi"]
[SourceDate "2011.08.15"]

1. d4 d5 2. e3 Nf6 3. Bd3 c6 4. f4 Bg4 5. Nf3 e6 6. Nbd2 Bxf3 7. Qxf3 Be7 8. a4
Nbd7 9. c3 O-O 10. Qh3 h6 11. g4 Nh7 12. g5 f5 13. Nf3 hxg5 14. fxg5 Nxg5 15.
Nxg5 Bxg5 16. Bd2 Nf6 17. Rg1 Ne4 18. Bxe4 dxe4 19. Ke2 Bf6 20. c4 a5 21. Bc3
Kf7 22. Qh5+ Ke7 23. d5 cxd5 24. Bxf6+ gxf6 25. Rg7+ Kd6 26. cxd5 Rh8 27. Qf7
Rxh2+ 28. Kf1 Rh1+ 29. Kf2 Rxa1 30. Qxe6+ Kc5 31. Rxb7 Qe8 32. Rc7+ Kb4 33.
Qb6+ Kxa4 34. Rc4# 1-0

[Event "45. Open de Mislata 2011 - Grupo B"]
[Site "Mislata ESP"]
[Date "2011.08.17"]
[Round "4.9"]
[White "Moreno, Ibanez Miguel"]
[Black "Barry Bertomeu, Enrique"]
[Result "1-0"]
[WhiteElo "2022"]
[BlackElo "1944"]
[PlyCount "75"]
[EventDate "2011.08.15"]
[EventType "swiss"]
[EventRounds "9"]
[EventCountry "ESP"]
[Source "lmi"]
[SourceDate "2011.08.15"]

1. e4 Nf6 2. e5 Nd5 3. d4 d6 4. Nf3 g6 5. Bc4 Nb6 6. Bb3 Bg7 7. Qe2 dxe5 8.
dxe5 O-O 9. h3 Nc6 10. O-O Nd4 11. Nxd4 Qxd4 12. Re1 e6 13. Nd2 Bd7 14. Nf3 Qc5
15. Be3 Qe7 16. Bg5 Qc5 17. Bf6 Bc6 18. Rad1 Bxf6 19. exf6 Qf5 20. Ne5 Qxf6 21.
Rd3 Rad8 22. Rg3 Rd4 23. Nxc6 bxc6 24. c3 Rd6 25. Rf3 Qg5 26. Qe4 Rfd8 27. h4
Qh5 28. Qf4 Qf5 29. Qg3 Qh5 30. Qf4 Qf5 31. Qg3 Qh5 32. Re5 Qh6 33. Rg5 Nd5 34.
c4 Ne7 35. Qf4 Nf5 36. Rxf5 Qxf4 37. R5xf4 Rd2 38. Rxf7 1-0

[Event "45. Open de Mislata 2011 - Grupo B"]
[Site "Mislata ESP"]
[Date "2011.08.17"]
[Round "4.10"]
[White "Borissov, Julian"]
[Black "Bas Mas, Miguel"]
[Result "1-0"]
[WhiteElo "2011"]
[BlackElo "1830"]
[PlyCount "111"]
[EventDate "2011.08.15"]
[EventType "swiss"]
[EventRounds "9"]
[EventCountry "ESP"]
[Source "lmi"]
[SourceDate "2011.08.15"]

1. e4 c5 2. Nf3 e6 3. d4 cxd4 4. Nxd4 Nc6 5. Nxc6 bxc6 6. Bd3 d5 7. e5 Qc7 8.
Qe2 Bc5 9. O-O Ne7 10. c3 O-O 11. b4 Bb6 12. a4 a5 13. b5 Bb7 14. bxc6 Bxc6 15.
Ba3 Rfd8 16. Nd2 Ng6 17. Bxg6 hxg6 18. Bd6 Rxd6 19. exd6 Qxd6 20. Nf3 Bc7 21.
g3 e5 22. Rfe1 f6 23. Rec1 Qd7 24. Nd2 Bxa4 25. Ne4 Bb5 26. c4 dxc4 27. Nc3 Ba6
28. Ra4 Qd3 29. Qg4 Kf7 30. Ne4 Bc8 31. Ng5+ fxg5 32. Qxc4+ Qxc4 33. Raxc4 Bb6
34. Rxc8 Ra7 35. R8c6 Rb7 36. Kf1 Bd8 37. R1c5 Rb1+ 38. Kg2 Re1 39. Rd5 Bf6 40.
Rxa5 Rd1 41. Ra7+ Ke8 42. Rc8+ Rd8 43. Rxd8+ Kxd8 44. Kf3 Ke8 45. Ke4 Kf8 46.
Kd5 Kg8 47. Ke6 Kh7 48. Rf7 Kh6 49. g4 Kh7 50. f3 Kg8 51. Ra7 Kh8 52. h3 Kg8
53. Ra8+ Kh7 54. Rc8 e4 55. fxe4 Bd4 56. e5 1-0

[Event "45. Open de Mislata 2011 - Grupo B"]
[Site "Mislata ESP"]
[Date "2011.08.18"]
[Round "5.1"]
[White "Remolar Gallen, Jose"]
[Black "Machin Arbelo, Pedro Alexis"]
[Result "1-0"]
[WhiteElo "2068"]
[BlackElo "2006"]
[PlyCount "99"]
[EventDate "2011.08.15"]
[EventType "swiss"]
[EventRounds "9"]
[EventCountry "ESP"]
[Source "lmi"]
[SourceDate "2011.08.15"]

1. d4 Nf6 2. e3 e6 3. Bd3 c5 4. c3 Nc6 5. Nd2 b6 6. Ngf3 Bb7 7. O-O Qc7 8. a3
Rg8 9. Ng5 h6 10. Nge4 Nxe4 11. Bxe4 f5 12. Bd3 O-O-O 13. Re1 g5 14. Qa4 Bd6
15. Nf1 g4 16. g3 h5 17. b4 cxb4 18. cxb4 h4 19. Bd2 hxg3 20. fxg3 Rh8 21. Re2
f4 22. gxf4 b5 23. Bxb5 Bxf4 24. exf4 Nxd4 25. Rc1 Bc6 26. Re5 Nf3+ 27. Kf2
Nxe5 28. fxe5 Rdf8+ 29. Kg1 Rxf1+ 30. Kxf1 Rf8+ 31. Kg1 Qxe5 32. Bxc6 Qd4+ 33.
Kh1 Qxd2 34. Rd1 Qe2 35. Bxd7+ Kb8 36. Qb5+ Qxb5 37. Bxb5 Rf3 38. Rd3 Rf4 39.
Kg2 Kc7 40. Kg3 Re4 41. Be8 Kb6 42. Bg6 Rc4 43. Bh5 a5 44. bxa5+ Kxa5 45. Bxg4
e5 46. h4 Kb5 47. h5 Rc7 48. Rd5+ Ka4 49. Rxe5 Kxa3 50. Kh4 1-0

[Event "45. Open de Mislata 2011 - Grupo B"]
[Site "Mislata ESP"]
[Date "2011.08.18"]
[Round "5.2"]
[White "Fernandez Soriano, Ruben"]
[Black "Moreno, Ibanez Miguel"]
[Result "1-0"]
[WhiteElo "2088"]
[BlackElo "2022"]
[PlyCount "115"]
[EventDate "2011.08.15"]
[EventType "swiss"]
[EventRounds "9"]
[EventCountry "ESP"]
[Source "lmi"]
[SourceDate "2011.08.15"]

1. d4 Nf6 2. Bg5 Ne4 3. Bf4 c5 4. f3 Qa5+ 5. c3 Nf6 6. Nd2 cxd4 7. Nb3 Qb6 8.
cxd4 d5 9. e3 Nc6 10. Bd3 Nh5 11. Ne2 Nxf4 12. Nxf4 e6 13. O-O Bd6 14. Ne2 Qc7
15. g3 h5 16. e4 h4 17. e5 Be7 18. Rc1 hxg3 19. hxg3 Qb6 20. Kg2 Bd7 21. Qd2
O-O-O 22. f4 f5 23. Rh1 Kb8 24. Rxh8 Rxh8 25. Rh1 Qd8 26. Rxh8 Qxh8 27. Nc5 Bc8
28. Bb5 g5 29. Bxc6 bxc6 30. fxg5 Ka8 31. b4 Qg8 32. g6 Qxg6 33. Nf4 Qg8 34.
Qe2 Bg5 35. Nh3 Bh4 36. Qf3 Be7 37. Qh5 a5 38. a3 axb4 39. axb4 Ka7 40. Nf4 Kb6
41. Qe2 Bxc5 42. bxc5+ Ka7 43. Qb2 Qd8 44. Qa3+ Ba6 45. Nxe6 Qb8 46. Qa5 f4 47.
Qb6+ Qxb6 48. cxb6+ Kxb6 49. gxf4 Bd3 50. Nc5 Bf5 51. e6 Kc7 52. e7 Bd7 53. f5
Be8 54. Kg3 Kd6 55. f6 Bf7 56. Kf4 Bg6 57. Kg5 Be8 58. Kh6 1-0

[Event "45. Open de Mislata 2011 - Grupo B"]
[Site "Mislata ESP"]
[Date "2011.08.18"]
[Round "5.3"]
[White "Gomez Benitez, David"]
[Black "Borissov, Julian"]
[Result "1/2-1/2"]
[WhiteElo "2088"]
[BlackElo "2011"]
[PlyCount "126"]
[EventDate "2011.08.15"]
[EventType "swiss"]
[EventRounds "9"]
[EventCountry "ESP"]
[Source "lmi"]
[SourceDate "2011.08.15"]

1. e4 e5 2. Nc3 Nf6 3. Nf3 Nc6 4. d4 exd4 5. Nd5 d6 6. Nxd4 Nxe4 7. Nb5 Be6 8.
Nbxc7+ Kd7 9. Nxa8 Qxa8 10. Be2 Qd8 11. O-O Nf6 12. Nf4 Be7 13. Be3 Qc7 14. c4
Rd8 15. Qa4 Ke8 16. Rfd1 Kf8 17. Rac1 b6 18. Nd5 Qb7 19. Nxe7 Nxe7 20. Bf3 Qc7
21. Bf4 Nf5 22. g3 h6 23. h4 Nd7 24. b4 Ne5 25. Bxe5 dxe5 26. Rxd8+ Qxd8 27.
Qxa7 Nd4 28. Bd1 g5 29. h5 Nf5 30. Qa3 Bxc4 31. Qc3 Bxa2 32. Qxe5 Be6 33. Bg4
Qd4 34. Qxd4 Nxd4 35. Bd1 Kg7 36. Kf1 Kf6 37. f3 Ke5 38. Kf2 Kd6 39. Ra1 Nc6
40. Ra8 Ke7 41. Ra6 Nxb4 42. Rxb6 Nd5 43. Rb7+ Kf8 44. Bb3 Nc7 45. Bxe6 Nxe6
46. Ke3 Kg7 47. Ra7 Kf6 48. Ke4 Nc5+ 49. Kd5 Ne6 50. Ra6 Kf5 51. Rc6 g4 52. f4
f6 53. Kd6 Ng7 54. Rc5+ Ke4 55. Ke7 f5 56. Rc3 Nxh5 57. Rc4+ Kf3 58. Rc3+ Kg2
59. Rc2+ Kh3 60. Rc6 Kxg3 61. Rxh6 Nxf4 62. Kf6 Kf3 63. Kxf5 g3 1/2-1/2

[Event "45. Open de Mislata 2011 - Grupo B"]
[Site "Mislata ESP"]
[Date "2011.08.18"]
[Round "5.5"]
[White "Mingarro Carceller, Sergi"]
[Black "Moya Sapena, Juan"]
[Result "1/2-1/2"]
[WhiteElo "2069"]
[BlackElo "1936"]
[PlyCount "125"]
[EventDate "2011.08.15"]
[EventType "swiss"]
[EventRounds "9"]
[EventCountry "ESP"]
[Source "lmi"]
[SourceDate "2011.08.15"]

1. e4 d6 2. d4 Nf6 3. Nc3 e5 4. Nf3 Nbd7 5. Bc4 Be7 6. O-O O-O 7. Re1 c6 8. a4
Qc7 9. b3 exd4 10. Nxd4 Ne5 11. Bf1 Rd8 12. Bf4 Ng6 13. Bg3 Qa5 14. Nb1 Nh5 15.
c3 Nxg3 16. hxg3 Bf6 17. b4 Qc7 18. Ra2 d5 19. exd5 cxd5 20. Nb5 Qc6 21. Nd4
Qc7 22. Rd2 Bxd4 23. Rxd4 Be6 24. f4 Ne7 25. Rd2 Rac8 26. Re3 Qb6 27. Rd4 Nf5
28. Red3 Nxd4 29. Rxd4 Qd6 30. g4 f5 31. g5 a6 32. Kh1 Bf7 33. Be2 Re8 34. Bf3
Qe7 35. Kh2 Rcd8 36. Nd2 h6 37. Qc2 Qe1 38. Qxf5 Qh4+ 39. Kg1 Re1+ 40. Nf1 Rde8
41. Rd1 Rxd1 42. Bxd1 Re1 43. Bc2 hxg5 44. fxg5 Be6 45. Qf3 Qxg5 46. Qf2 Re5
47. b5 Bf5 48. Bxf5 Qxf5 49. Qd2 Qe4 50. bxa6 bxa6 51. Qd1 a5 52. Qb3 Kf7 53.
Qb7+ Re7 54. Qb5 d4 55. Qc4+ Kf6 56. cxd4 Qg4 57. Qc6+ Re6 58. Qd7 Qe4 59. Ng3
Qc6 60. Qd8+ Kf7 61. Qxa5 Qc1+ 62. Nf1 Qc4 63. Qh5+ 1/2-1/2

[Event "45. Open de Mislata 2011 - Grupo B"]
[Site "Mislata ESP"]
[Date "2011.08.18"]
[Round "5.6"]
[White "Sos Andreu, Erik"]
[Black "Llamazares Lopez, Marcos"]
[Result "1-0"]
[WhiteElo "2025"]
[BlackElo "1969"]
[PlyCount "57"]
[EventDate "2011.08.15"]
[EventType "swiss"]
[EventRounds "9"]
[EventCountry "ESP"]
[Source "lmi"]
[SourceDate "2011.08.15"]

1. e4 c5 2. Nf3 Nc6 3. c3 d5 4. exd5 Qxd5 5. d4 Nf6 6. Be2 e6 7. Be3 cxd4 8.
cxd4 Be7 9. Nc3 Qd6 10. O-O O-O 11. a3 b6 12. Rc1 Bb7 13. Qa4 Rac8 14. Ba6 Bxa6
15. Qxa6 Rfd8 16. Rc2 e5 17. Nb5 Qe6 18. dxe5 Nxe5 19. Nfd4 Qg4 20. h3 Qd7 21.
Rxc8 Rxc8 22. Qxa7 Qd8 23. Nf5 Bc5 24. Bxc5 bxc5 25. Ne7+ Kf8 26. Nxc8 Qxc8 27.
Qc7 Qf5 28. Qd8+ Ne8 29. Qxe8+ 1-0

[Event "45. Open de Mislata 2011 - Grupo B"]
[Site "Mislata ESP"]
[Date "2011.08.18"]
[Round "5.7"]
[White "Lopez Mulet, Inigo"]
[Black "Navarro Diaz, Carles"]
[Result "0-1"]
[WhiteElo "1780"]
[BlackElo "2089"]
[PlyCount "118"]
[EventDate "2011.08.15"]
[EventType "swiss"]
[EventRounds "9"]
[EventCountry "ESP"]
[Source "lmi"]
[SourceDate "2011.08.15"]

1. Nf3 Nf6 2. g3 g6 3. Bg2 Bg7 4. c4 d6 5. O-O O-O 6. Nc3 Nc6 7. d4 a6 8. d5
Na5 9. Nd2 c5 10. Qc2 Rb8 11. a4 e6 12. dxe6 fxe6 13. e4 Ng4 14. Nd1 Nc6 15. f4
Nd4 16. Qd3 e5 17. h3 Nf6 18. Nf3 Nh5 19. Nh2 Nxg3 20. Rf2 exf4 21. Nf3 g5 22.
Nc3 g4 23. hxg4 Bxg4 24. Nd5 Nxf3+ 25. Bxf3 Bxf3 26. Rxf3 Bd4+ 27. Kg2 Nh5 28.
Bxf4 Nxf4+ 29. Nxf4 Rxf4 30. Rxf4 Qg5+ 31. Qg3 Qxg3+ 32. Kxg3 Be5 33. Rg1 Bxf4+
34. Kxf4+ Kf7 35. Kf5 Re8 36. Rh1 Re5+ 37. Kf4 h5 38. Rh3 Kf6 39. Rd3 Ke6 40.
Rh3 Kd7 41. a5 Kc6 42. Rd3 Re6 43. Rd5 Rh6 44. Kg5 Rh8 45. e5 dxe5 46. Kh4 Re8
47. Kxh5 e4 48. Rd1 e3 49. Kg4 e2 50. Re1 b6 51. Kf4 bxa5 52. Kf3 a4 53. Rxe2
Rxe2 54. Kxe2 Kd6 55. Kd3 Ke5 56. Kc3 Ke4 57. b4 axb3 58. Kxb3 Kd4 59. Kb2 Kxc4
0-1

[Event "45. Open de Mislata 2011 - Grupo B"]
[Site "Mislata ESP"]
[Date "2011.08.18"]
[Round "5.8"]
[White "Hurtado Oldridge, Felipe"]
[Black "Morant Amezaga, Elies"]
[Result "0-1"]
[WhiteElo "2079"]
[BlackElo "1994"]
[PlyCount "43"]
[EventDate "2011.08.15"]
[EventType "swiss"]
[EventRounds "9"]
[EventCountry "ESP"]
[Source "lmi"]
[SourceDate "2011.08.15"]

1. d4 Nf6 2. Bg5 g6 3. Nc3 d5 4. Qd2 Bg7 5. O-O-O Nc6 6. f3 O-O 7. h4 Nh5 8.
Bh6 Ng3 9. Rh2 Nxf1 10. Rxf1 Bxh6 11. Qxh6 Qd6 12. Nh3 Bxh3 13. Rxh3 Nxd4 14.
g4 Qe5 15. e3 Ne6 16. h5 Qg5 17. hxg6 Qxh6 18. gxf7+ Kg7 19. Rxh6 Kxh6 20. Nxd5
Rfd8 21. Nc3 Ng5 22. e4 0-1

[Event "45. Open de Mislata 2011 - Grupo B"]
[Site "Mislata ESP"]
[Date "2011.08.18"]
[Round "5.9"]
[White "Aparisi Arnandis, Bernardo"]
[Black "Tortosa Fito, Sergio"]
[Result "1-0"]
[WhiteElo "2040"]
[BlackElo "1982"]
[PlyCount "133"]
[EventDate "2011.08.15"]
[EventType "swiss"]
[EventRounds "9"]
[EventCountry "ESP"]
[Source "lmi"]
[SourceDate "2011.08.15"]

1. e4 c5 2. Nc3 Nc6 3. Bc4 e6 4. Nf3 a6 5. a4 Qc7 6. O-O Nf6 7. d3 Be7 8. Re1
d6 9. Bf4 O-O 10. h3 b6 11. Qd2 Bb7 12. Rad1 Rac8 13. Ba2 Nd4 14. Nh2 Qc6 15.
a5 b5 16. Ne2 Nxe2+ 17. Rxe2 c4 18. Nf3 e5 19. Bg5 c3 20. bxc3 Qxc3 21. Bb3 Bd8
22. Qxc3 Rxc3 23. Bd2 Rc8 24. c4 Bc6 25. Rc1 Nd7 26. Bb4 Be7 27. Rec2 Rb8 28.
cxb5 Bxb5 29. Bc4 Ba4 30. Rb2 Rfc8 31. Rcb1 Bb5 32. Nd2 g6 33. Kf1 Nc5 34. Ke2
Kg7 35. Bxc5 Rxc5 36. Bxb5 axb5 37. Nc4 d5 38. Nxe5 dxe4 39. d4 Rc7 40. Rxb5
Rxb5 41. Rxb5 Bg5 42. f4 Bxf4 43. Rb2 Ra7 44. Ra2 f5 45. Nc6 Ra6 46. Nb4 Ra7
47. a6 Bd6 48. Nc6 Ra8 49. Ra5 Kf6 50. d5 h5 51. Ke3 Bc7 52. Ra4 Bb6+ 53. Ke2
g5 54. a7 g4 55. Rb4 Bc7 56. Rb7 Bf4 57. Rh7 Kg6 58. Rd7 gxh3 59. gxh3 Kg5 60.
Rd8 Rxa7 61. Nxa7 Bg3 62. Rg8+ Kh4 63. Rxg3 Kxg3 64. d6 f4 65. d7 f3+ 66. Kf1
e3 67. d8=Q 1-0